Score 0/15 Timer 02:00
0 Plays Today
Scrambled Name Unscrambled Name % Correct
NNXIONIXON
99%
AOBAMOBAMA
98.9%
CERIRICE
98.3%
ILANPPALIN
97%
NCITONLCLINTON
94.5%
JNAOKCSJACKSON
94.4%
DKNYENEKENNEDY
93.1%
OTELVEOSRROOSEVELT
92.4%
Scrambled Name Unscrambled Name % Correct
YEMONRROMNEY
92.4%
INOLLNCLINCOLN
90.6%
THAWNONGISWASHINGTON
87%
KRFIANLNFRANKLIN
85.2%
RHINGIGCGINGRICH
84.6%
ESIOPLPELOSI
79.3%
RARESEGENZWGCHSCHWARZENEGGER
74.3%

You're not logged in!

Compare scores with friends on all Sporcle quizzes.
OR
Log In

Sporcle TV

Today on Sporcle TV


Watch our educational content, quiz creation guides, and fun videos on Sporcle TV.

Show Comments

Extras

Top Quizzes Today


Score Distribution

Your Account Isn't Verified!

In order to create a playlist on Sporcle, you need to verify the email address you used during registration. Go to your Sporcle Settings to finish the process.

Report this User

Report this user for behavior that violates our Community Guidelines.

Details: